| 000 | 00668nam a22002057a 4500 | ||
|---|---|---|---|
| 005 | 20231201155104.0 | ||
| 010 | _aENG-138553 | ||
| 020 |
_a9789354423765 _c1500.00 |
||
| 035 | _aEN-122086 | ||
| 037 | _aDBAD/PUB | ||
| 082 |
_a230.1 _21 |
||
| 245 |
_aEpic in India/ _bEdited By Tutun Mukherjee and Bharathi Harishankar |
||
| 250 | _a1 | ||
| 260 |
_aHyderabad _bOrient BlackSwan _c2024 |
||
| 270 |
_a3-6-752 Himayatnagar, _bHyderabad _e500029 _mcentraloffice@orientblackswan.com |
||
| 300 |
_a375p. _c21cm(pbk) |
||
| 700 |
_a Mukherjee ,Tutun _eEditor _959351 |
||
| 700 |
_aHarishankar, Bharathi _eEditor _959352 |
||
| 942 |
_2ddc _cEN _h230.1 _mEPI |
||
| 999 |
_c199395 _d199395 |
||